(Almost) All Adventure Time Characters - Statistics

General Stats
  • This quiz has been taken 189 times
  • The average score is 63 of 270
Answer Stats
Answer % Correct
Finn
100%
Jake
100%
Ice King
97%
Marceline the Vampire Queen
97%
Princess Bubblegum
93%
Bmo
91%
Fionna
86%
Cake
85%
Flame Prince
85%
Lumpy Space Prince
81%
Lady Rainicorn
78%
Magic Man
75%
The Lich
75%
Tree Trunks
74%
Earl of Lemongrab/lemongrab
73%
Slime Princess
73%
Peppermint Butler
72%
Cinnamon Bun
71%
Flame Princess
71%
Hot Dog Princess
67%
Fern
64%
Orgalorg/Gunther
63%
Lumpy Space Princess
62%
Prismo
62%
Jake Jr.
60%
Marshall Lee
59%
Billy
58%
TV
58%
Flame King
57%
Ice Queen
57%
Mr. Pig
56%
Breakfast Princess
54%
Golb
53%
Neptr
53%
Starchy
53%
Susan Strong
53%
Gunter
52%
Kim Kil Whan
52%
Hunson Abadeer
50%
Prince Gumball
50%
Lemonhope
49%
Shelby
48%
Charlie
47%
Cosmic Owl
47%
Viola
47%
Wildberry Princess
47%
Abraham Lincoln
46%
Joshua
45%
Bubble
44%
Huntress Wizard
44%
Jermaine
44%
Ghost Princess
43%
Muscle Princess
43%
Sweet Pea
41%
Banana Guards
40%
Death
39%
King of Ooo
39%
Abracadaniel
38%
Choose Goose
38%
James
38%
Margaret
38%
Uncle Gumbald/Punch Bowl
38%
Vampire king
38%
AMO
37%
Root Beer Guy/Dirt Beer Guy
36%
Turtle Prince
36%
Chicle/Crunchy
35%
Betty Grof
33%
Flambo
32%
Pat
32%
Raggedy Princess
32%
Gumball guardians
31%
Party God
31%
Beth
30%
Moe
30%
Mr. Fox
30%
Ash
29%
Me-Mow
29%
Mr. Cupcake
29%
James Baxter
28%
Shermy
28%
Turtle Princess
28%
Banana Man
27%
Lolly/Manfried
27%
Donny
26%
Maja
26%
Martin Mertins
25%
Patience St. Pim
25%
Princess Cookie
25%
The Moon
25%
Neddy
24%
Shoko
23%
Lord Monochromicorn
22%
Ancient Psychic Tandem War Elephant
21%
Breezy
21%
Chocoberry
21%
Duke of Nuts
21%
Engagement Ring Princess
21%
Xergiok
21%
Bounce House Princess
20%
Bun Bun
20%
Cherry Cream Soda
20%
Embryo Princess
20%
Goliad
20%
Grob Gob Glob Grod
20%
Boobafina
19%
Party Pat
19%
The Empress
19%
Wyatt
19%
Bronwyn
18%
Canyon
18%
Football
18%
Minerva Campbell
18%
Stormo
18%
The Fool
18%
Tiny Manticore
18%
Bob
17%
Colonel Candy Corn
17%
Emerald Princess
17%
Nurse Poundcake
17%
Scorcher
17%
Guiseppe
16%
Lemonjon
16%
Bufo
15%
Chet
15%
Little Dude
15%
Lollipop Girl
15%
Rap Bear
15%
Skeleton Princess
15%
Squirrel
15%
The Farm
15%
The Hierophant
15%
Toast Princess
15%
Toronto
15%
Clarence
14%
Frieda
14%
Margles
14%
Melissa
14%
Mr. Cream Puff
14%
Ricardio The Heart Guy
14%
Water Nymphs
14%
Bandit Princess
13%
Bee Princess
13%
Big Destiny
13%
Cute King
13%
Dr. Gross
13%
Ethel
13%
Hot Dog Knights
13%
Key-Per
13%
Lemongrab 2
13%
Princess Beautiful
13%
The Jiggler
13%
Box Prince
12%
Business Men
12%
Danny
12%
Duchess of Nuts
12%
Paper Pete
12%
Tart Toter
12%
Warren Ampersand
12%
Dr. Ice Cream
11%
Fear Feaster
11%
Gummy
11%
Butterscotch Butler
10%
Cuber
10%
Farmworld Finn
10%
Peacemaster
10%
Pete Sassafras
10%
Sir. Slicer
10%
Son of Rap Bear
10%
ALLMO
9%
Ancient Sleeping Magi of Life Giving
9%
Bartram
9%
Bikini Babes
9%
Blargetha
9%
Cubby
9%
Darren
9%
Farmworld Jake
9%
Fight King
9%
Flame Lord
9%
Flying lettuce Brothers
9%
Grand Master Wizard
9%
Grassy Wizard
9%
Ice Cream Guy
9%
Music Hole
9%
Randy
9%
Ricky/Sparkle
9%
Sea Lard
9%
Snow Golem
9%
Tiffany Oiler
9%
Whisper Dan
9%
Beau
8%
Carroll
8%
Crabbit Familiar
8%
Gareth
8%
Lemongrab 3
8%
Manish Man
8%
Braco
7%
Bryce
7%
Door Lord
7%
Gibbon
7%
Momma Bear
7%
Phil
7%
Princess Monster Wife
7%
Prize Ball Guardian
7%
Science Cat
7%
Whipple
7%
Chocolate Bar Guy
6%
Flynn
6%
Leaf Man
6%
Lemonsweets
6%
Teenage Bear
6%
Alva
5%
Bella Noche
5%
Blastronaut
5%
Bouncy Bee
5%
Chipface
5%
Chipolina
5%
Chipper
5%
Chipton
5%
Clock Bear
5%
Ms. Cow
5%
Schwabl
5%
Sleepy Sam
5%
The Train
5%
Booboo
4%
Dr. J
4%
Grand Prix
4%
Honey Bunny
4%
Little Brother
4%
Naked Wizard
4%
Nightmare Princess
4%
Popsicle Guy
4%
Seed-Wad
4%
Trami
4%
Tromo
4%
Two Headed Duck
4%
Aquandrius
3%
Beautiful lady
3%
Bliblob
3%
Booshy
3%
Buck
3%
Bucket Knight
3%
Captain Banana Guard
3%
Cheryl
3%
Chipler
3%
Grass Demon
3%
Guardian Angel
3%
Jake's Grandma
3%
Jaqcues
3%
Jaybird
3%
JJ
3%
Keneth
3%
Lemonhead
3%
Moniker
3%
Plop-Top
3%
Princess Zip
3%
Purple Comet
3%
Talug
3%
The Marrow
3%
Uncle Chewy
3%
Ele-Fly
2%
Howard
2%
Pete the Punk
2%
Alien Husband
1%
Brain Beast
1%
Risco
1%
Sock Bandits
1%
No matching quizzes found
Score Distribution
Percent of People with Each Score
Percentile by Number Answered
Your Score History
You have not taken this quiz